| 000 | 00484nam a22001817a 4500 | ||
|---|---|---|---|
| 005 | 20240106100831.0 | ||
| 008 | 221216b |||||||| |||| 00| 0 eng d | ||
| 020 | _a812390417-7 | ||
| 041 | _aeng | ||
| 082 | _a615.4 ALI-D | ||
| 100 |
_aALI ,MOHAMMED ., GUPTA JYOTI _97362 |
||
| 245 | _aDRUG STORE AND BUSINESS MANAGEMENT | ||
| 250 | _a1st ed. | ||
| 260 |
_aNEW DELHI _bCBS PUBLISHERS & DISTRIBUTERS _c2022 |
||
| 300 | _a344;P. | ||
| 650 |
_aPHARMACY _xD.PHARMA |
||
| 942 | _cBK | ||
| 999 |
_c8071 _d8069 |
||